LDR 00816naa#a2200193#i#450# 001 RU\\bibl\125406 005 20260630004152.2 011 ## _a2077-7566 100 ## _a20260629b2026####ek#y0rusy0150####ca 101 0# _aRUS 102 ## _aRU 200 1# _aАНАЛИЗ СИСТЕМЫ И МОДИФИКАЦИЯ АБАТМЕНТ-МУЛЬТИЮНИТ _eЖурнальная статья 210 1# _aЕкатеринбург _cИздательский Дом «ТИРАЖ» _d2026 215 ## _a5 с. 608 ## _aЖурнальная статья _2local 675 ## _aСтоматология. Заболевания ротовой полости и зубов. 616.31 _zRUS 700 #1 _aАзимов _gИсмагил Гумерович 700 #1 _aКиртаева _gАнастасия Владиславовна 856 4# _adental-press.ru _u